LDR 01270naa#a2200181#i#450# 001 RU\INFRA-M\bibl\120720 005 20260703192316.5 011 ## _a2500-3321 100 ## _a20260618b2026####ek#y0rusy0150####ca 102 ## _aRU 200 1# _aСлучай Гарри Дэвиса: пределы космополитического отказа в суверенном миропорядке _eЖурнальная статья 210 1# _aМосква _cОбщество с ограниченной ответственностью «Научно-издательский центр ИНФРА-М» _d2026 215 ## _a4 с. 608 ## _aЖурнальная статья _2local 675 ## _aЛичность и призвание (назначение) философов. 101.9 _aОбщее учение о государстве. Теории государства. Теория(философия) власти. Сущность, понятие, задачи и функции государства. Государство и территория. Власть и сопротивление. Узурпация. Границы суверенитета. 321.01 _aФилософия. 10 _z 700 #1 _aМихайлов _gД. А. 700 #1 _aПузиков _gВ. Г. 856 4# _azh-szf.ru _u